000 00816nam a2200241Ia 4500
003 OSt
005 20220923220806.0
006 a|||||r|||| 00| 0
007 ta
008 220922b |||||||| |||| 00| 0 hin d
024 _a190,492
037 _cTextual
040 _aARTS
_cARTS
_bhin
041 _2hin
_ahin
082 _aR6xM72,SA:g, 152L8
100 _aपूजा लाल
245 0 _aसावित्री सार संहिता, अनु सरला शर्मा
246 _aSāvitrī sār sanhitā, anu0 saralā sharmā
260 _aपांडिचेरी
_b श्री अरविन्द आश्रम 1978
_c1978
300 _a353पृ.
_ccm.
942 _hR6xM72,SA:g, 152L8
_cTEXL
_2CC
999 _c343267
_d343267